Bankový marketing
Príklady otázok vhodných pre ústny prieskum názorov zákazníka. Poznanie názorov zamestnancov banky na princípy styku so zákazníkom. Tabuľka prieskumu mienky zamestnancov banky.
Enregistré dans:
| Format: | Chapitre de livre |
|---|---|
| Langue: | tchèque |
| Sujets: | |
| Tags: |
Pas de tags, Soyez le premier à ajouter un tag!
|
MARC
| LEADER | 00000naa a2200000 4500 | ||
|---|---|---|---|
| 001 | r015128 | ||
| 005 | 20221205090812.8 | ||
| 041 | 0 | |a cze | |
| 044 | |a SK | ||
| 245 | 1 | 0 | |a Bankový marketing |
| 520 | |a Príklady otázok vhodných pre ústny prieskum názorov zákazníka. Poznanie názorov zamestnancov banky na princípy styku so zákazníkom. Tabuľka prieskumu mienky zamestnancov banky. | ||
| 610 | 2 | 0 | |a marketing |
| 610 | 2 | 0 | |a banky |
| 610 | 2 | 0 | |a zamestnanci |
| 610 | 2 | 0 | |a zákazníci |